UBT Library

Cognition and occupation in rehabilitation : (Record no. 40361)

000 -LEADER
fixed length control field 00751cam a2200229 a 4500
001 - CONTROL NUMBER
control field 4043911
005 - DATE AND TIME OF LATEST TRANSACTION
control field 20180116045447.0
008 - FIXED-LENGTH DATA ELEMENTS--GENERAL INFORMATION
fixed length control field 981001s1998 mdua b 001 0 eng
010 ## - LIBRARY OF CONGRESS CONTROL NUMBER
LC control number 98204990
020 ## - INTERNATIONAL STANDARD BOOK NUMBER
International Standard Book Number 1569000859
040 ## - CATALOGING SOURCE
Original cataloging agency DLC
Transcribing agency DLC
041 ## - LANGUAGE CODE
Language code of text/sound track or separate title eng
080 ## - UNIVERSAL DECIMAL CLASSIFICATION NUMBER
Universal Decimal Classification number 615.8515
082 00 - DEWEY DECIMAL CLASSIFICATION NUMBER
Classification number 615.8515 KAT
Edition number 21
100 ## - Rafti
Rafti 8
101 ## - Shkurtesa
Shkurtesa EGF
245 00 - TITLE STATEMENT
Title Cognition and occupation in rehabilitation :
Statement of responsibility, etc Noomi Katz, editor.
504 ## - BIBLIOGRAPHY, ETC. NOTE
Bibliography, etc Includes bibliographical references and index.
906 ## - LOCAL DATA ELEMENT F, LDF (RLIN)
a 7
b cbc
c orignew
d 2
e ncip
f 19
g y-gencatlg
942 ## - ADDED ENTRY ELEMENTS (KOHA)
Source of classification or shelving scheme
Item type Books
Holdings
Withdrawn status Lost status Source of classification or shelving scheme Damaged status Not for loan Collection code Permanent location Current location Shelving location Date acquired Total Checkouts Full call number Barcode Date last seen Price effective from Koha item type
          Koleksioni i përgjithshem UBT - Lipjan UBT - Lipjan Koleksioni i lëndeve mesimore 01/16/2018   615.8515 KAT 002-2995571 01/16/2018 01/16/2018 Books
UBT Library © 2015-2024. All rights reserved University Education for Business and Technology